Estatísticas para Siglas famosas

Clique aqui para jogar o quiz

Estatísticas Gerais

  • Esse quiz foi jogado 193 vezes
  • A pontuação média é 8 de 15

Estatísticas das Respostas

SiglaResposta% Correto
EUAEstados Unidos da America
95%
ONUOrganização das Nações Unidas
94%
RGRegistro Geral
80%
OVNIObjeto Voador Não Identificado
79%
ENEMExame Nacional do Ensino Medio
77%
CNHCarteira Nacional de Habilitação
72%
ONGOrganização Não Governamental
71%
AVCAcidente Vascular Cerebral
62%
FGVFundação Getulio Vargas
57%
BOVESPABolsa de Valores de São Paulo
38%
FGTSFundo de Garantia do Tempo de Serviço
24%
EmbraerEmpresa Brasileira de Aeronáutica
19%
BNDESBanco nacional de Desenvolvimento Econômico e Social
13%
INSSInstituto Nacional de Seguro Social
11%
CNPqConselho Nacional de Desenvolvimento Científico e Tecnológico
9%

Distribuição das Pontuações

Percentil de Números Respondidos

Porcentagem de Pessoas com Cada Pontuação

Sua Pontuação Histórica

Você não jogou esse quiz